[Event "DSSM wk m:  wk m: 6.2 Marienschule Limb-Athenaeum Stade"]
[Site "Karlsruhe"]
[Date "2011.05.14"]
[Round "6.4"]
[White "Liez, Tatjana"]
[Black "Meinschien, Silke"]
[Result "1-0"]
[WhiteElo "1391"]
[BlackElo "800"]
[PlyCount "121"]
[EventDate "2011.05.12"]

1. e4 d6 2. Nf3 Nf6 3. Nc3 g6 4. Bc4 Bg7 5. d3 O-O 6. O-O e5 7. h3 Qe7 8. Bg5
h6 9. Be3 c5 10. Qd2 Kh7 11. Bd5 Nc6 12. Bxc6 bxc6 13. Qd1 Nd7 14. Ne2 d5 15.
exd5 cxd5 16. Ng3 Bb7 17. Nh2 d4 18. Bd2 Nf6 19. Re1 Qd6 20. a3 Rfe8 21. Ne4
Nxe4 22. dxe4 d3 23. Ba5 c4 24. Bb4 Qd4 25. Bc3 Qd6 26. cxd3 Qxd3 27. Qf3 Qxf3
28. Nxf3 Rad8 29. Nd2 Rc8 30. Rad1 f5 31. exf5 gxf5 32. Nf1 e4 33. Bxg7 Kxg7
34. Rd7+ Kf8 35. Rxb7 Re7 36. Rxe7 Kxe7 37. Rd1 Rd8 38. Rxd8 Kxd8 39. Ne3 Kd7
40. Nxf5 h5 41. Ne3 Kd6 42. Kf1 Kc5 43. Ke2 Kd4 44. Kd2 a6 45. g4 hxg4 46. hxg4
Ke5 47. Nxc4+ Kf4 48. Ne3 a5 49. b4 axb4 50. axb4 Ke5 51. Ke2 Kd4 52. f3 exf3+
53. Kxf3 Ke5 54. b5 Kd6 55. g5 Kc5 56. g6 Kxb5 57. g7 Kc5 58. g8=Q Kd4 59. Qd5+
Kc3 60. Qc4+ Kd2 61. Ng4 1-0

[Event "DSSM wk m:  wk m: 7.1 LMG Königsb-Stein-FDG Aschaffenburg"]
[Site "Karlsruhe"]
[Date "2011.05.15"]
[Round "7.1"]
[White "Berger, Nadja"]
[Black "Frey, Alisa"]
[Result "0-1"]
[WhiteElo "1710"]
[BlackElo "2014"]
[PlyCount "72"]
[EventDate "2011.05.12"]

1. e4 e5 2. Nf3 Nc6 3. Bc4 Nf6 4. d3 Be7 5. Bb3 d6 6. c3 O-O 7. Nbd2 d5 8. Qe2
Bc5 9. O-O Bg4 10. h3 Bh5 11. Re1 d4 12. Nf1 a5 13. Ng3 Bxf3 14. Qxf3 a4 15.
Bc2 a3 16. Nf5 axb2 17. Bxb2 dxc3 18. Bxc3 Nd4 19. Bxd4 Bxd4 20. Nxd4 Qxd4 21.
g4 Ra3 22. Bb3 Rfa8 23. Rac1 Qd7 24. Qf5 Qe7 25. Rc2 Rd8 26. Rec1 c6 27. g5 Nd7
28. h4 Ra5 29. Rc3 Nc5 30. Bc4 Ne6 31. Qg4 Nd4 32. Rb1 Rda8 33. Kg2 Rc5 34.
Rcc1 Rd8 35. g6 hxg6 36. Qxg6 Rxc4 0-1

[Event "DSSM wk m:  wk m: 7.1 LMG Königsb-Stein-FDG Aschaffenburg"]
[Site "Karlsruhe"]
[Date "2011.05.15"]
[Round "7.2"]
[White "Kühnel, Lena"]
[Black "Schnepper, Pauline"]
[Result "1-0"]
[WhiteElo "1863"]
[BlackElo "1512"]
[PlyCount "37"]
[EventDate "2011.05.12"]

1. e4 c6 2. d4 d5 3. e5 Bf5 4. Nf3 Nd7 5. c4 dxc4 6. Bxc4 e6 7. O-O Nb6 8. Be2
h6 9. Nc3 Ne7 10. a4 a5 11. Qb3 Qc7 12. Bd2 Bg6 13. Rac1 Bh5 14. Nb5 Qd8 15.
Nd6+ Kd7 16. Nxb7 Qc7 17. Nxa5 Nbd5 18. Rc5 Nf5 19. Rxc6 1-0

[Event "DSSM wk m:  wk m: 7.1 LMG Königsb-Stein-FDG Aschaffenburg"]
[Site "Karlsruhe"]
[Date "2011.05.15"]
[Round "7.3"]
[White "Künstler, Tabea"]
[Black "Roether, Barbara"]
[Result "1-0"]
[WhiteElo "1254"]
[BlackElo "800"]
[PlyCount "73"]
[EventDate "2011.05.12"]

1. c4 e5 2. Nc3 Bb4 3. g3 Nc6 4. Bg2 Nge7 5. e3 O-O 6. Nge2 b6 7. O-O Bb7 8.
Re1 h6 9. d4 d6 10. d5 Na5 11. Qd3 Re8 12. a3 Bxc3 13. Qxc3 Nf5 14. b4 Nb3 15.
Qxb3 Qf6 16. Qc3 Ne7 17. e4 Nc8 18. Qf3 Ba6 19. Qxf6 gxf6 20. Bxh6 Bxc4 21.
Rac1 Bb5 22. Rxc7 Re7 23. Rxe7 Nxe7 24. Bh3 Rc8 25. Bxc8 Nxc8 26. Rc1 Bd7 27.
Rc7 Kh7 28. Rxd7 Kxh6 29. Rc7 Kg5 30. f3 a5 31. Rxc8 axb4 32. axb4 b5 33. h4+
Kg6 34. g4 f5 35. exf5+ Kh6 36. g5+ Kh5 37. Rh8# 1-0

[Event "DSSM wk m:  wk m: 7.1 LMG Königsb-Stein-FDG Aschaffenburg"]
[Site "Karlsruhe"]
[Date "2011.05.15"]
[Round "7.4"]
[White "Kauselmann, Laura"]
[Black "Schwind, Clara"]
[Result "0-1"]
[WhiteElo "899"]
[BlackElo "1313"]
[PlyCount "116"]
[EventDate "2011.05.12"]

1. e4 d5 2. Nc3 dxe4 3. Nxe4 Nc6 4. Bc4 Qd4 5. Qe2 Ne5 6. d3 Nxc4 7. dxc4 Bf5
8. f3 O-O-O 9. c3 Qd3 10. Bf4 Qxe2+ 11. Nxe2 e6 12. O-O Bxe4 13. fxe4 Bc5+ 14.
Kh1 Nf6 15. Ng3 Ng4 16. h3 Nf2+ 17. Kh2 Nd3 18. Bd2 Nxb2 19. Rxf7 Rxd2 20. Rxg7
Nxc4 21. Nf1 Bd6+ 22. Kh1 Re2 23. Ng3 Bxg3 24. Rxg3 Rxe4 25. Rf1 Nd6 26. Rgf3
Kd7 27. Rd1 Ke7 28. Rdf1 Rg8 29. R1f2 Re5 30. g4 c6 31. Kh2 Reg5 32. Rg2 b5 33.
Rf4 e5 34. Rb4 e4 35. Ra4 a6 36. a3 Kd7 37. Rd4 Ke6 38. Rd1 Ke5 39. Rf1 Nf5 40.
Rxf5+ Rxf5 41. gxf5 Rxg2+ 42. Kxg2 Kxf5 43. Kf2 Kf4 44. h4 h5 45. Ke2 c5 46.
Kd2 Kf3 47. Ke1 Ke3 48. c4 bxc4 49. a4 c3 50. Kd1 Kd3 51. Ke1 c2 52. Kf2 c1=Q
53. a5 Qe3+ 54. Kg2 Qf3+ 55. Kg1 Ke2 56. Kh2 Qg4 57. Kh1 Kf2 58. Kh2 Qg2# 0-1

[Event "DSSM wk m:  wk m: 7.2 Marienschule Limb-AVG Trier"]
[Site "Karlsruhe"]
[Date "2011.05.15"]
[Round "7.1"]
[White "Krein, Jana"]
[Black "Brandl, Lea Maria"]
[Result "1/2-1/2"]
[WhiteElo "1088"]
[BlackElo "1541"]
[PlyCount "70"]
[EventDate "2011.05.12"]

1. e4 c5 2. Nf3 d6 3. Bb5+ Nc6 4. O-O Nf6 5. Re1 a6 6. Bf1 Bg4 7. d3 e6 8. c3
Qc7 9. Be3 Be7 10. Nbd2 O-O 11. Rc1 Qd7 12. a3 a5 13. h3 Bh5 14. Nc4 Qc7 15.
Be2 Rfd8 16. Bf4 b5 17. Ne3 Qb7 18. Qd2 d5 19. exd5 exd5 20. Nf5 Bg6 21. Nxe7+
Qxe7 22. Rcd1 Qb7 23. Ne5 Nxe5 24. Bxe5 Qb6 25. Bf3 Rac8 26. Qg5 h6 27. Qg3 d4
28. cxd4 cxd4 29. b4 a4 30. Rc1 Re8 31. Rxc8 Rxc8 32. Qf4 Bxd3 33. Bxd4 Qc7 34.
Qxc7 Rxc7 35. Bxf6 gxf6 1/2-1/2

[Event "DSSM wk m:  wk m: 7.2 Marienschule Limb-AVG Trier"]
[Site "Karlsruhe"]
[Date "2011.05.15"]
[Round "7.2"]
[White "Liez, Franziska"]
[Black "Kim, Yu-Mi"]
[Result "1-0"]
[WhiteElo "1441"]
[BlackElo "1107"]
[PlyCount "67"]
[EventDate "2011.05.12"]

1. e4 e5 2. Nf3 Nc6 3. Nc3 Bc5 4. Nxe5 Nxe5 5. d4 Bd6 6. dxe5 Bxe5 7. Bd3 Nf6
8. Bg5 h6 9. Bh4 c6 10. O-O Qc7 11. Bg3 g5 12. Qf3 Qd6 13. Rad1 Qe7 14. Qe3 d6
15. f4 Ng4 16. Qf3 Bd4+ 17. Kh1 Ne3 18. h3 Nxd1 19. Rxd1 Bd7 20. Bc4 Bc5 21.
Na4 b5 22. Nxc5 dxc5 23. Be2 c4 24. fxg5 hxg5 25. Kg1 O-O-O 26. Qe3 Kb7 27. Bd6
Qf6 28. Bc5 a6 29. Ba7 Ra8 30. Rxd7+ Kc8 31. Bg4 Qxb2 32. Rxf7+ Kd8 33. Qd2+
Ke8 34. Qd7# 1-0

[Event "DSSM wk m:  wk m: 7.2 Marienschule Limb-AVG Trier"]
[Site "Karlsruhe"]
[Date "2011.05.15"]
[Round "7.3"]
[White "Bach, Kira Annika"]
[Black "Bajorski, Maria Sophie"]
[Result "0-1"]
[WhiteElo "1136"]
[BlackElo "1455"]
[PlyCount "44"]
[EventDate "2011.05.12"]

1. e4 e5 2. Nf3 Nc6 3. Bb5 a6 4. Ba4 b5 5. Bb3 Bc5 6. O-O Nf6 7. Nxe5 Nxe5 8.
d4 Bb6 9. dxe5 Nxe4 10. Qf3 d5 11. exd6 f5 12. g4 g6 13. dxc7 Qxc7 14. Re1 Bd7
15. Rxe4+ fxe4 16. Qxe4+ Kf8 17. Qxa8+ Kg7 18. Bh6+ Kxh6 19. Qxh8 Qf4 20. g5+
Kxg5 21. Nc3 Qxf2+ 22. Kh1 Qf3# 0-1

[Event "DSSM wk m:  wk m: 7.2 Marienschule Limb-AVG Trier"]
[Site "Karlsruhe"]
[Date "2011.05.15"]
[Round "7.4"]
[White "Heinz, Michelle"]
[Black "Kim, Yun-Mi"]
[Result "1-0"]
[WhiteElo "1234"]
[BlackElo "1020"]
[PlyCount "101"]
[EventDate "2011.05.12"]

1. e4 e5 2. Nf3 Nc6 3. Nc3 Bc5 4. Bb5 d6 5. d3 Bg4 6. h3 Bh5 7. g4 Bg6 8. a3 a6
9. Bxc6+ bxc6 10. Be3 Bb6 11. Qd2 Ne7 12. Bg5 f6 13. Be3 Qd7 14. O-O-O d5 15.
d4 dxe4 16. Nh4 O-O-O 17. dxe5 Qxd2+ 18. Rxd2 Rxd2 19. Kxd2 Rd8+ 20. Kc1 Bd4
21. exf6 gxf6 22. Nxg6 hxg6 23. Nxe4 Bxe3+ 24. fxe3 Nd5 25. Re1 Re8 26. Nc5
Rxe3 27. Rxe3 Nxe3 28. Kd2 Nc4+ 29. Kc3 Ne3 30. Kd3 Nd5 31. Ke4 a5 32. h4 Ne7
33. h5 f5+ 34. gxf5 gxf5+ 35. Kf4 Kd8 36. h6 Ke8 37. h7 Ng6+ 38. Kxf5 Nh8 39.
Kf6 Kf8 40. Ne6+ Ke8 41. Nxc7+ Kf8 42. Ne6+ Ke8 43. Kg7 Nf7 44. Ng5 Nxg5 45.
h8=Q+ Kd7 46. Kf6 Ne4+ 47. Ke5 Nc5 48. Qg7+ Kd8 49. Kd6 Ne4+ 50. Kxc6 Nf2 51.
Qd7# 1-0

[Event "DSSM wk m:  wk m: 7.3 Gymn. Gonsenheim-Athenaeum Stade"]
[Site "Karlsruhe"]
[Date "2011.05.15"]
[Round "7.1"]
[White "Evers, Annika"]
[Black "Raab, Helen"]
[Result "1-0"]
[WhiteElo "1708"]
[BlackElo "1884"]
[PlyCount "77"]
[EventDate "2011.05.12"]

1. d4 d5 2. Nf3 Nf6 3. e3 e6 4. Bd3 c5 5. b3 Bd7 6. O-O Nc6 7. a3 Qb6 8. Nc3
cxd4 9. Na4 Qc7 10. exd4 a6 11. Bb2 Na5 12. Nc3 Bd6 13. Rc1 O-O 14. Ne2 b5 15.
Ne5 Bxe5 16. dxe5 Ng4 17. Qd2 Nc6 18. Qg5 Ngxe5 19. f4 f6 20. Bxh7+ Kxh7 21.
Qh5+ Kg8 22. fxe5 fxe5 23. Kh1 Rf5 24. Rxf5 exf5 25. Qf3 Be6 26. Qe3 Rf8 27.
Nf4 Bf7 28. Nd3 Re8 29. Qc5 Qd7 30. Re1 e4 31. Nf4 g5 32. Ne2 f4 33. Nd4 Ne5
34. Qc3 Rc8 35. Nc6 d4 36. Ne7+ Kg7 37. Qxc8 Qxe7 38. Bxd4 e3 39. Qf5 1-0

[Event "DSSM wk m:  wk m: 7.3 Gymn. Gonsenheim-Athenaeum Stade"]
[Site "Karlsruhe"]
[Date "2011.05.15"]
[Round "7.2"]
[White "Efinger, Leila"]
[Black "Lange, Anika"]
[Result "0-1"]
[WhiteElo "1069"]
[BlackElo "1450"]
[PlyCount "74"]
[EventDate "2011.05.12"]

1. d4 d5 2. Bf4 c5 3. Nf3 Nc6 4. Bg3 e6 5. e3 Nf6 6. c3 Be7 7. Bd3 O-O 8. Nbd2
a6 9. O-O b5 10. Re1 Bb7 11. Qe2 Rc8 12. Rac1 Qb6 13. Ne5 Nxe5 14. Bxe5 Ne4 15.
Qg4 f6 16. Nxe4 dxe4 17. Bxe4 Bxe4 18. Qxe4 fxe5 19. Qxe5 Bf6 20. Qe4 a5 21.
dxc5 Rxc5 22. Red1 Rc4 23. Qc2 b4 24. Qd3 Rc7 25. cxb4 axb4 26. Qe2 Rfc8 27.
Rxc7 Qxc7 28. h3 Qc2 29. Rd2 Qc1+ 30. Kh2 Qc7+ 31. Kg1 Be5 32. Rd1 Qc2 33. Rd2
Qb1+ 34. Rd1 Rc1 35. Rxc1 Qxc1+ 36. Qf1 Bh2+ 37. Kxh2 Qxf1 0-1

[Event "DSSM wk m:  wk m: 7.3 Gymn. Gonsenheim-Athenaeum Stade"]
[Site "Karlsruhe"]
[Date "2011.05.15"]
[Round "7.3"]
[White "Steffens, Skrolan"]
[Black "Liedel, Linda"]
[Result "1-0"]
[WhiteElo "1353"]
[BlackElo "898"]
[PlyCount "83"]
[EventDate "2011.05.12"]

1. e4 e5 2. Nf3 Nc6 3. Bc4 Nf6 4. d3 Bc5 5. c3 d5 6. exd5 Nxd5 7. O-O Bg4 8.
Bb5 Qf6 9. Nbd2 O-O 10. Bxc6 bxc6 11. Qa4 Bf5 12. Ne4 Bxe4 13. dxe4 Nb6 14. Qc2
h6 15. b4 Be7 16. a4 c5 17. b5 Nd7 18. Rd1 Rfd8 19. a5 c6 20. c4 Nb8 21. Bb2
Rxd1+ 22. Rxd1 Bd6 23. Qd2 Bc7 24. Qc3 cxb5 25. cxb5 Bd6 26. Nxe5 Bxe5 27. Qxe5
Qxe5 28. Bxe5 a6 29. Rd8+ Kh7 30. Rxb8 Rxb8 31. Bxb8 axb5 32. Bd6 b4 33. Bxc5
b3 34. Ba3 Kg8 35. a6 Kh7 36. a7 b2 37. Bxb2 f6 38. a8=Q Kg6 39. Qa7 Kh5 40.
Qxg7 f5 41. f3 f4 42. Qg4# 1-0

[Event "DSSM wk m:  wk m: 7.3 Gymn. Gonsenheim-Athenaeum Stade"]
[Site "Karlsruhe"]
[Date "2011.05.15"]
[Round "7.4"]
[White "Woider, Stella"]
[Black "Gerdts, Martina"]
[Result "1-0"]
[WhiteElo "757"]
[BlackElo "780"]
[PlyCount "67"]
[EventDate "2011.05.12"]

1. e4 d6 2. Nf3 Nf6 3. Nc3 g6 4. Bc4 Bg7 5. d3 O-O 6. O-O Nbd7 7. h3 e5 8. Bg5
h6 9. Bh4 a6 10. Re1 c6 11. a4 b5 12. axb5 cxb5 13. Bd5 Ra7 14. Nxb5 Rb7 15.
Bxb7 Bxb7 16. Nxd6 Qb6 17. Nc4 Qe6 18. Qd2 Re8 19. Qb4 Rb8 20. Qc3 Ne8 21. Bg3
f6 22. d4 Rc8 23. Qb3 Qxc4 24. Qxb7 Nb8 25. dxe5 f5 26. exf5 gxf5 27. e6 Nd6
28. Bxd6 Re8 29. Qf7+ Kh7 30. Qxe8 Nc6 31. e7 Bxb2 32. Rab1 Qxc2 33. Qf7+ Kh8
34. e8=Q# 1-0

[Event "DSSM wk m:  wk m: 7.4 Gymn. Altenholz-Gymnasium Neureut"]
[Site "Karlsruhe"]
[Date "2011.05.15"]
[Round "7.1"]
[White "Hillmer, Nicole"]
[Black "König, Isabel"]
[Result "0-1"]
[WhiteElo "1204"]
[BlackElo "910"]
[PlyCount "158"]
[EventDate "2011.05.12"]

1. e4 c5 2. Nc3 e6 3. Bc4 d6 4. d3 Nf6 5. a3 Nbd7 6. Nf3 Be7 7. h3 O-O 8. Bf4
a6 9. O-O b5 10. Ba2 Bb7 11. Re1 Qc7 12. Qe2 Rfe8 13. Rad1 h6 14. Qd2 Rac8 15.
Ne2 Qc6 16. Ng3 Kh7 17. Qe2 g6 18. Qe3 e5 19. Bxh6 Kg8 20. Ng5 d5 21. exd5 Nxd5
22. Bxd5 Qxd5 23. Qe4 Qxe4 24. N5xe4 Bxe4 25. dxe4 Kh7 26. Be3 Rc7 27. Rd2 c4
28. Red1 Nc5 29. Bxc5 Bxc5 30. c3 Kh6 31. Rd7 Rxd7 32. Rxd7 f6 33. Rc7 Bf8 34.
Rc6 Rd8 35. Rxf6 Rd1+ 36. Kh2 Be7 37. Nf5+ Kg5 38. Re6 gxf5 39. Rxe7 Kf4 40.
exf5 Kxf5 41. Kg3 e4 42. Rf7+ Ke5 43. h4 Rd3+ 44. Kh2 Ke6 45. Rf4 Ke5 46. Rf8
Rd6 47. g4 Rd2 48. Re8+ Kf4 49. Kg2 Kxg4 50. Rxe4+ Kh5 51. Kg3 Rd3+ 52. Kg2 Rd2
53. Re6 Rxb2 54. Rxa6 Rb3 55. Ra5 Kxh4 56. Kg1 Kg4 57. Kg2 Kf4 58. Ra8 Rxc3 59.
Rf8+ Ke4 60. f3+ Ke3 61. Rb8 Rd3 62. Rxb5 c3 63. Rc5 Kd2 64. a4 c2 65. a5 c1=Q
66. Rxc1 Kxc1 67. Kg3 Ra3 68. Kg4 Rxa5 69. f4 Ra2 70. Kg5 Rg2+ 71. Kf6 Kd2 72.
f5 Ke3 73. Kf7 Ke4 74. f6 Kf5 75. Ke7 Re2+ 76. Kf7 Re6 77. Kg7 Rxf6 78. Kh7 Rd6
79. Kg7 Rc6 0-1

[Event "DSSM wk m:  wk m: 7.4 Gymn. Altenholz-Gymnasium Neureut"]
[Site "Karlsruhe"]
[Date "2011.05.15"]
[Round "7.2"]
[White "Caliebe, Frauke"]
[Black "Schweiger, Yasmin"]
[Result "1/2-1/2"]
[WhiteElo "837"]
[BlackElo "1063"]
[PlyCount "46"]
[EventDate "2011.05.12"]

1. d4 d5 2. c4 c6 3. Nc3 Nf6 4. Nf3 Bg4 5. Bf4 e6 6. Ne5 Bd6 7. h3 Bh5 8. Qd2
Nbd7 9. Rd1 Qc7 10. e3 Bxd1 11. Qxd1 c5 12. cxd5 Nxe5 13. dxe5 Bxe5 14. Bxe5
Qxe5 15. dxe6 Qxe6 16. b3 O-O 17. Bc4 Qe5 18. Qc2 Rad8 19. O-O a6 20. Bd3 g6
21. Na4 Nd7 22. Rd1 Rc8 23. Bxg6 hxg6 1/2-1/2

[Event "DSSM wk m:  wk m: 7.4 Gymn. Altenholz-Gymnasium Neureut"]
[Site "Karlsruhe"]
[Date "2011.05.15"]
[Round "7.3"]
[White "Richter, Charlotte"]
[Black "Caliebe, Nanke"]
[Result "1-0"]
[WhiteElo "800"]
[BlackElo "858"]
[PlyCount "75"]
[EventDate "2011.05.12"]

1. e4 c5 2. Nc3 e6 3. Bb5 a6 4. Ba4 b5 5. Bb3 c4 6. Bxc4 bxc4 7. d3 cxd3 8.
cxd3 d6 9. Nf3 Nd7 10. O-O Ngf6 11. Re1 Qc7 12. d4 Be7 13. e5 Ng4 14. Ng5 Nh6
15. Bf4 Bxg5 16. Bxg5 Nf5 17. Bf4 O-O 18. h3 Bb7 19. exd6 Nxd6 20. d5 exd5 21.
Nxd5 Qc6 22. Ne7+ Kh8 23. Nxc6 Bxc6 24. Qxd6 Bb5 25. Qd4 Rad8 26. Bc7 Rc8 27.
Rac1 Nf6 28. b4 Bd7 29. Be5 Nh5 30. Qxd7 Rcd8 31. Qf5 Nf6 32. Bxf6 gxf6 33.
Qxf6+ Kg8 34. Re3 Rfe8 35. Rg3+ Kf8 36. Rc7 Re1+ 37. Kh2 Rh1+ 38. Kxh1 1-0

[Event "DSSM wk m:  wk m: 7.4 Gymn. Altenholz-Gymnasium Neureut"]
[Site "Karlsruhe"]
[Date "2011.05.15"]
[Round "7.4"]
[White "Morsch, Rebecca"]
[Black "Schweiger, Lauralie"]
[Result "0-1"]
[WhiteElo "800"]
[BlackElo "830"]
[PlyCount "52"]
[EventDate "2011.05.12"]

1. e4 e5 2. Nf3 Nc6 3. Bb5 Nf6 4. d3 Bc5 5. Nc3 O-O 6. O-O d5 7. exd5 Nxd5 8.
Ne4 Bb6 9. Nfg5 a6 10. Qh5 h6 11. Bxc6 bxc6 12. Bd2 Nf4 13. h4 Nxh5 14. Nf3 Re8
15. Rfe1 Bg4 16. Re3 Bxe3 17. Bxe3 Bxf3 18. gxf3 Qxh4 19. c4 Re6 20. Ng3 Rg6
21. Re1 Nxg3 22. Kg2 Nf5+ 23. Kf1 Rd8 24. Ke2 Nxe3 25. fxe3 Qh2+ 26. Kd1 Rxd3+
0-1

[Event "DSSM wk m:  wk m: 7.5 EHKG Heilbronn-Rotteck-Gymn.Fr"]
[Site "Karlsruhe"]
[Date "2011.05.15"]
[Round "7.1"]
[White "Hund, Sarah"]
[Black "Triantafillidis, Katherina"]
[Result "1-0"]
[WhiteElo "1248"]
[BlackElo "1290"]
[PlyCount "127"]
[EventDate "2011.05.12"]

1. e4 e5 2. Nf3 Nc6 3. Bc4 Bc5 4. c3 d6 5. d4 exd4 6. cxd4 Bb4+ 7. Bd2 Bxd2+ 8.
Nbxd2 Bg4 9. h3 Bh5 10. d5 Ne5 11. Qa4+ Qd7 12. Qxd7+ Nxd7 13. O-O Ngf6 14.
Rfe1 Ne5 15. Nxe5 dxe5 16. Bb5+ Nd7 17. Rac1 Rc8 18. Rc3 a6 19. Ba4 b5 20. Bd1
Bxd1 21. Rxd1 Nb8 22. Nb3 Ke7 23. Na5 Rhd8 24. Nc6+ Nxc6 25. Rxc6 Rd6 26. Rdc1
Kd7 27. Kf1 g6 28. Ke2 f5 29. f3 a5 30. Kd3 Kd8 31. R1c3 Kd7 32. Kc2 Kd8 33.
Kb3 a4+ 34. Kb4 Kd7 35. Rc2 Rxc6 36. Rxc6 Rb8 37. Re6 Rb7 38. a3 Rb8 39. Kc5
Rb7 40. Rxe5 Rb6 41. Re6 fxe4 42. Rxb6 cxb6+ 43. Kd4 exf3 44. gxf3 Kd6 45. h4
h6 46. f4 Kd7 47. Ke5 Ke7 48. d6+ Kd7 49. Kd5 Kd8 50. Ke6 Ke8 51. d7+ Kd8 52.
Kd6 h5 53. Kc6 b4 54. axb4 b5 55. Kxb5 Kxd7 56. Kxa4 Kc6 57. Ka5 Kb7 58. Kb5
Kc7 59. Ka6 Kb8 60. Kb6 Ka8 61. b5 Kb8 62. b3 Ka8 63. Kc7 Ka7 64. b6+ 1-0

[Event "DSSM wk m:  wk m: 7.5 EHKG Heilbronn-Rotteck-Gymn.Fr"]
[Site "Karlsruhe"]
[Date "2011.05.15"]
[Round "7.2"]
[White "Triantafillidis, Zoé"]
[Black "Krißmer, Maria"]
[Result "1-0"]
[WhiteElo "1187"]
[BlackElo "1006"]
[PlyCount "119"]
[EventDate "2011.05.12"]

1. e4 e5 2. Nf3 Nc6 3. Nc3 Nf6 4. d4 exd4 5. Nxd4 Bb4 6. Nxc6 bxc6 7. Bd3 d5 8.
e5 Ne4 9. Bxe4 dxe4 10. Bd2 Bf5 11. O-O O-O 12. Nxe4 Bxe4 13. Bxb4 Qxd1 14.
Rfxd1 Rfe8 15. Rd7 Rxe5 16. Rxc7 Ree8 17. c4 a6 18. f3 Bd3 19. Rxc6 Rec8 20.
Rxc8+ Rxc8 21. c5 Bb5 22. Rc1 f6 23. Kf2 Kf7 24. Re1 Bc6 25. Bc3 Re8 26. Rxe8
Bxe8 27. Ke3 Ke6 28. Kd4 Bc6 29. b3 Kd7 30. a4 g6 31. Kc4 Ke6 32. Kb4 Kd5 33.
Bxf6 h6 34. Be7 Bb7 35. Ka5 Kc6 36. b4 Kd7 37. Bd6 Kc6 38. b5+ axb5 39. axb5+
Kd5 40. c6 Bxc6 41. bxc6 Kxd6 42. Kb6 Ke5 43. c7 Kf4 44. c8=Q Ke3 45. Qg4 g5
46. h4 gxh4 47. Qxh4 h5 48. Qxh5 Kd4 49. Qf5 Kc4 50. Qe5 Kd3 51. f4 Kc4 52. f5
Kd3 53. Qf4 Kc3 54. Qe4 Kd2 55. Qf3 Kc2 56. Qe3 Kb2 57. Qd3 Kc1 58. Qe2 Kb1 59.
Qd2 Ka1 60. Kb5 1-0

[Event "DSSM wk m:  wk m: 7.5 EHKG Heilbronn-Rotteck-Gymn.Fr"]
[Site "Karlsruhe"]
[Date "2011.05.15"]
[Round "7.3"]
[White "Atabay, Hatun"]
[Black "Graf, Janine"]
[Result "1-0"]
[WhiteElo "992"]
[BlackElo "864"]
[PlyCount "55"]
[EventDate "2011.05.12"]

1. e4 e5 2. Nf3 Nc6 3. Bc4 Bc5 4. c3 Nf6 5. d4 Bb6 6. Bg5 Ne7 7. Nbd2 d6 8.
dxe5 Ng4 9. O-O dxe5 10. h3 Nxf2 11. Rxf2 Bxf2+ 12. Kxf2 f6 13. Bh4 Qd6 14. Nb3
Qb6+ 15. Kf1 Bd7 16. Bf2 Qc6 17. Qd3 Be6 18. Bb5 Rd8 19. Bxc6+ Nxc6 20. Qb5 O-O
21. Nc5 Bd7 22. Nxd7 Rxd7 23. Qxb7 Ne7 24. Bc5 Rfd8 25. Qb3+ Kf8 26. Nh4 Ke8
27. Nf5 Nxf5 28. Qg8# 1-0

[Event "DSSM wk m:  wk m: 7.6 LHG Oranienburg-St.Ursula-Gymn.Fr"]
[Site "Karlsruhe"]
[Date "2011.05.15"]
[Round "7.1"]
[White "Kury, Valerie"]
[Black "Wolff, Marie Antoinette"]
[Result "0-1"]
[WhiteElo "1253"]
[BlackElo "1029"]
[PlyCount "48"]
[EventDate "2011.05.12"]

1. e4 e5 2. Nf3 Nc6 3. d4 exd4 4. Nxd4 Bc5 5. Be3 d6 6. Bb5 Nge7 7. Nc3 Bd7 8.
Nxc6 Nxc6 9. Bxc5 dxc5 10. Na4 Qg5 11. Rg1 O-O-O 12. Bxc6 Bg4 13. Bxb7+ Kxb7
14. Qc1 Rd1+ 15. Qxd1 Bxd1 16. Rxd1 Re8 17. Nc3 f5 18. Rd5 Qc1+ 19. Rd1 Qxc2
20. f3 fxe4 21. fxe4 Kc6 22. Rd2 Qc1+ 23. Rd1 Qe3+ 24. Ne2 Rxe4 0-1

[Event "DSSM wk m:  wk m: 7.6 LHG Oranienburg-St.Ursula-Gymn.Fr"]
[Site "Karlsruhe"]
[Date "2011.05.15"]
[Round "7.2"]
[White "Ziegel, Mandy"]
[Black "Kury, Karolin"]
[Result "0-1"]
[WhiteElo "800"]
[BlackElo "867"]
[PlyCount "84"]
[EventDate "2011.05.12"]

1. d4 d5 2. Nf3 Nc6 3. e3 Nf6 4. h3 Bf5 5. b3 e5 6. Bb2 exd4 7. exd4 Nb4 8. Bd3
Qd7 9. Ne5 Qe6 10. O-O Nd7 11. Re1 Qf6 12. Nxd7+ Kxd7 13. Bxf5+ Qxf5 14. c3 Nd3
15. Re3 Be7 16. Qc2 Qg6 17. Ba3 Bd6 18. g3 Rae8 19. Bxd6 Kxd6 20. Na3 Re6 21.
Rxe6+ Kxe6 22. Nb5 Kd7 23. Nxa7 c6 24. b4 Qf5 25. b5 Ra8 26. b6 Kd6 27. Kg2
Qe4+ 28. f3 Qe3 29. Rd1 Qe7 30. Qxd3 Qd8 31. Rb1 c5 32. a4 c4 33. Qxh7 Qd7 34.
a5 Qa4 35. Qxg7 Qc2+ 36. Kf1 Qxb1+ 37. Kf2 Qc2+ 38. Ke3 Qxc3+ 39. Kf2 Re8 40.
Qf6+ Re6 41. Qxf7 Qe1+ 42. Kg2 Re2# 0-1

[Event "DSSM wk m:  wk m: 7.6 LHG Oranienburg-St.Ursula-Gymn.Fr"]
[Site "Karlsruhe"]
[Date "2011.05.15"]
[Round "7.3"]
[White "Bäcker, Deborah"]
[Black "Thimian, Jessica"]
[Result "1/2-1/2"]
[WhiteElo "800"]
[BlackElo "800"]
[PlyCount "57"]
[EventDate "2011.05.12"]

1. e4 e5 2. Nf3 Nc6 3. Bc4 Qe7 4. Nc3 d6 5. d3 Bg4 6. Bg5 f6 7. Bh4 O-O-O 8.
O-O g5 9. Bxg8 Rxg8 10. Bg3 Nd4 11. Nb5 Nxb5 12. c3 d5 13. Qd2 dxe4 14. Ne1 h5
15. a4 h4 16. Bxe5 Qxe5 17. axb5 Bc5 18. d4 Qe6 19. Qe3 Bb6 20. c4 Bxd4 21. Qb3
e3 22. Nd3 e2 23. Rfe1 Rge8 24. Rec1 c6 25. Ra5 Bb6 26. Raa1 Bf5 27. Ne1 Kc7
28. Qb4 c5 29. Qc3 1/2-1/2

[Event "DSSM wk m:  wk m: 7.6 LHG Oranienburg-St.Ursula-Gymn.Fr"]
[Site "Karlsruhe"]
[Date "2011.05.15"]
[Round "7.4"]
[White "Schimmel, Sarina"]
[Black "Tebartz van Elst, Antonia"]
[Result "1-0"]
[WhiteElo "890"]
[BlackElo "800"]
[PlyCount "57"]
[EventDate "2011.05.12"]

1. e4 e5 2. Nf3 Nc6 3. Nc3 Nf6 4. Bc4 Bc5 5. d3 Ng4 6. Be3 b6 7. Bxc5 bxc5 8.
O-O d6 9. h3 O-O 10. hxg4 Bxg4 11. Nb5 a6 12. Na3 Qd7 13. c3 Rad8 14. Nc2 Rfe8
15. Qe2 a5 16. Rad1 a4 17. Qe3 Bh5 18. d4 Qe7 19. dxc5 dxc5 20. Be2 Na5 21. Nd2
Bg6 22. b3 Rd6 23. Qxc5 Qg5 24. Qxa5 Bxe4 25. Nxe4 Qh4 26. Nxd6 Re6 27. Qa8+
Qd8 28. Qxd8+ Re8 29. Qxe8# 1-0

[Event "DSSM wk m:  wk m: 7.7 CWG Aue-Goethe-Gymn. Ka"]
[Site "Karlsruhe"]
[Date "2011.05.15"]
[Round "7.1"]
[White "Wiesner, Paula"]
[Black "Kluge, Leyla"]
[Result "1-0"]
[WhiteElo "1642"]
[BlackElo "1426"]
[PlyCount "117"]
[EventDate "2011.05.12"]

1. d4 d5 2. c4 dxc4 3. Nf3 Nf6 4. e3 Nc6 5. Bxc4 g6 6. O-O Bg7 7. Nc3 O-O 8. h3
Bf5 9. Re1 Be4 10. Nxe4 Nxe4 11. Qc2 Nd6 12. Bd2 Qd7 13. Bd5 Rab8 14. Bxc6 Qxc6
15. Qxc6 bxc6 16. b4 Ne4 17. a3 Rfd8 18. Red1 Rd6 19. Be1 a6 20. Rdc1 Rb6 21.
Rc4 f5 22. Rac1 Kf7 23. Kf1 Ke6 24. Ke2 Kd7 25. Nd2 Nxd2 26. Bxd2 e5 27. dxe5
Bxe5 28. Bc3 Bxc3 29. R1xc3 Ke6 30. e4 f4 31. Rd3 Rb5 32. Rc5 Rxd3 33. Kxd3 Kd6
34. Rxb5 cxb5 35. Kd4 c6 36. f3 g5 37. Kd3 Ke5 38. Kc3 Kd6 39. Kd4 h5 40. Kd3
Ke5 41. Kc3 Kd6 42. Kd4 h4 43. Kc3 Ke5 44. Kd3 Kd6 45. Kd4 Ke6 46. Kc5 Kd7 47.
Kb6 Kd6 48. Kxa6 Kc7 49. e5 Kd7 50. Kb6 Ke6 51. Kxc6 Kxe5 52. Kxb5 Kd5 53. a4
Kd4 54. a5 Ke3 55. a6 Kf2 56. a7 Kxg2 57. a8=Q Kg3 58. Qg8 Kxf3 59. Qxg5 1-0

[Event "DSSM wk m:  wk m: 7.7 CWG Aue-Goethe-Gymn. Ka"]
[Site "Karlsruhe"]
[Date "2011.05.15"]
[Round "7.2"]
[White "Schmieder, Michelle"]
[Black "Ketterer, Beatrice"]
[Result "1-0"]
[WhiteElo "1217"]
[BlackElo "781"]
[PlyCount "47"]
[EventDate "2011.05.12"]

1. e4 e5 2. Nf3 Nc6 3. d4 exd4 4. Bc4 Bc5 5. c3 dxc3 6. Bxf7+ Kxf7 7. Qd5+ Ke8
8. Qh5+ g6 9. Qxc5 d6 10. Qxc3 Nf6 11. Bg5 Rf8 12. Nbd2 Be6 13. O-O d5 14. e5
d4 15. Qc2 Bf5 16. Qd1 Nxe5 17. Nxe5 d3 18. Ndf3 Be4 19. Re1 Bxf3 20. Nxf3+ Kf7
21. Bh6 Re8 22. Qb3+ Re6 23. Ng5+ Ke7 24. Qxe6# 1-0